Loading...
| Social Science | 0 | 3 | 0 | 1 | 30 | 68 | 91.33 | 0 | 3 | 5.24 | 12.50 |
| Fine Arts - Other | 0 | 3 | 0 | 0 | 30 | 66 | 82.67 | 1 | 3 | 11.78 | 25.00 |
| Religion | 0 | 2 | 0 | 1 | 20 | 105 | 105.00 | 0 | 1 | 0.28 | 5.00 |
| History - American | 0 | 2 | 0 | 1 | 20 | 122 | 122.50 | 0 | 1 | 0.24 | 12.50 |
| Popular Culture | 0 | 2 | 0 | 1 | 20 | 60 | 99.00 | 0 | 2 | 14.80 | 25.00 |
| Literature - British | 0 | 2 | 0 | 0 | 20 | 90 | 99.00 | 0 | 2 | 6.28 | 12.50 |
| Other Academic | 0 | 1 | 0 | 0 | 10 | 84 | 84.00 | 1 | 1 | 14.10 | 37.50 |
| Literature - American | 0 | 1 | 0 | 1 | 10 | 117 | 117.00 | 0 | 0 | 1.20 | 2.50 |
| Current Events | 0 | 1 | 0 | 0 | 10 | 52 | 52.00 | 0 | 1 | 29.69 | 25.00 |
| Science - Biology | 0 | 1 | 0 | 0 | 10 | 93 | 93.00 | 1 | 1 | 2.62 | 10.00 |
| Science - Other | 0 | 1 | 0 | 1 | 10 | 134 | 134.00 | 0 | 0 | -1.96 | 10.00 |
| Science - Physics | 0 | 1 | 0 | 1 | 10 | 119 | 119.00 | 0 | 1 | 0.00 | 2.50 |
| Literature - World | 0 | 1 | 1 | 1 | 5 | 120 | 120.00 | 0 | 0 | 0.32 | 2.50 |
| History - Other | 0 | 0 | 1 | 0 | -5 | 0.00 | 0 | 0 | 0.00 | 0.00 | |
| Science - Chemistry | 0 | 0 | 1 | 0 | -5 | 0.00 | 0 | 0 | 0.00 | 0.00 |